| 000 | 01074cam a2200145 4500500 | ||
|---|---|---|---|
| 005 | 20260405064206.0 | ||
| 041 | _afre | ||
| 042 | _adc | ||
| 100 | 1 | 0 |
_aChevallier, Claude-Alain _eauthor |
| 700 | 1 | 0 |
_aChevalier, Claude-Alain _eauthor |
| 245 | 0 | 0 | _aExercices de version latine : avec corrigés systématiques |
| 260 |
_bArmand Colin,
_c2011. |
||
| 520 | _aCe recueil permet de faire le point sur les connaissances acquises dans le secondaire. Les lecteurs trouveront, outre des conseils de méthode, deux types de traduction à la suite de chacune des versions : une traduction « mot à mot » pour maîtriser les mécanismes spécifiques de la phrase latine, et une traduction plus élaborée, sans oublier des questions de grammaire (morphologie, phonétique, syntaxe, versification). Cette nouvelle édition, augmentée de 30 versions supplémentaires, fait une part plus importante à la poésie et aux écrivains des premiers siècles. | ||
| 856 | 4 | 1 | _uhttps://shs.cairn.info/exercices-de-version-latine--9782200270193?lang=fr&redirect-ssocas=7080 |
| 999 |
_c2186113 _d2186113 |
||